The psychology of Alfred Adler and the development of the child / (Record no. 29120)
[ view plain ]
| 000 -LEADER | |
|---|---|
| fixed length control field | 01043nam a2200277 a 4500 |
| 001 - CONTROL NUMBER | |
| control field | 29120 |
| 003 - CONTROL NUMBER IDENTIFIER | |
| rucl marc code | BD-RjUL |
| 005 - DATE AND TIME OF LATEST TRANSACTION | |
| control field | 20211209051356.0 |
| 008 - FIXED-LENGTH DATA ELEMENTS--GENERAL INFORMATION | |
| fixed length control field | 140402s1953 enk b 001 0 eng d |
| 035 ## - SYSTEM CONTROL NUMBER | |
| System control number | (BD-RjUL)29205 |
| 040 ## - CATALOGING SOURCE | |
| Original cataloging agency | NWU |
| Language of cataloging | eng |
| Transcribing agency | NWU |
| Modifying agency | ABN:1 |
| -- | BD-RjUL |
| 041 1# - LANGUAGE CODE | |
| Language code of text/sound track or separate title | eng |
| Language code of original | fre |
| 082 14 - DEWEY DECIMAL CLASSIFICATION NUMBER | |
| Classification number | 155.4 |
| Edition number | 19 |
| Author mark and year | GAP 1953 |
| 100 1# - MAIN ENTRY--PERSONAL NAME | |
| Personal name | Ganz, Madelaine. |
| 9 (RLIN) | 88925 |
| 245 14 - TITLE STATEMENT | |
| Title | The psychology of Alfred Adler and the development of the child / |
| Statement of responsibility, etc. | by Madelaine Ganz ; with a preface by Pierre Bovet ; translated by Philip Mairet. |
| 260 ## - PUBLICATION, DISTRIBUTION, ETC. (IMPRINT) | |
| Place of publication, distribution, etc. | London : |
| Name of publisher, distributor, etc. | Routledge and Kegan Paul, |
| Date of publication, distribution, etc. | 1953. |
| 300 ## - PHYSICAL DESCRIPTION | |
| Pagination | xiii, 203 p. ; |
| Size | 22 cm. |
| 500 ## - GENERAL NOTE | |
| General note | Translation of: La psychologie d'Alfred Adler et le developpment de l'enfant. |
| 504 ## - BIBLIOGRAPHY, ETC. NOTE | |
| Bibliography, etc | Bibliography: p. 193-196.and index. |
| 600 10 - SUBJECT ADDED ENTRY--PERSONAL NAME | |
| Personal name | Adler, Alfred, |
| Dates associated with a name | 1870-1937. |
| 650 #0 - SUBJECT ADDED ENTRY--TOPICAL TERM | |
| Topical term or geographic name as entry element | Psychoanalysis. |
| 9 (RLIN) | 88926 |
| Topical term or geographic name as entry element | Child development. |
| 9 (RLIN) | 5451 |
| 700 1# - ADDED ENTRY--PERSONAL NAME | |
| Personal name | Mairet, Philip, |
| Dates associated with a name | 1886-1975. |
| 942 ## - ADDED ENTRY ELEMENTS (KOHA) | |
| Source of classification or shelving scheme | Dewey Decimal Classification |
| Koha item type | Books |
| Lost status | Source of classification or shelving scheme | Damaged status | Not for loan | Collection code | Permanent Location | Current Location | Shelving location | Date acquired | Source of acquisition | Cost, normal purchase price | Total Checkouts | Full call number | Date last seen | Copy number | Koha item type |
|---|---|---|---|---|---|---|---|---|---|---|---|---|---|---|---|
| Dewey Decimal Classification | Added to bundle | Non-fiction | Central Library, University of Rajshahi | Central Library, University of Rajshahi | Reading Room | 01/02/1956 | Allies book cor. | 17.10 | 155.4 GAP 1953 | 02/04/2014 | C-1 | Books |